000 01024cam a2200217 4500
001 WB3811-36
008 020321n2002 000 0 eng u
035 _a(Sirsi) u117200
245 _aFMD - continuing support
260 _c2002
490 _aInland Revenue Press Release
_v(JW5/02) 19 March 2002, (1)
520 _aThe Inland Revenue and HM Customs & Excise will continue to support businesses and individuals facing financial difficulty resulting from the foot and mouth crisis. The departments will continue to operate a helpline, reschedule VAT payment periods, defer tax, VAT and NIC payments, and negotiate time to pay arrangements for those adversely affected. http://www.nds.coi.gov.uk/coi/coipress.nsf/1da827e79df1aaf98025673500583789/92727bf6d97b063a80256b8100563b67?OpenDocument
590 _aWB
650 _aINLAND REVENUE
650 _aFARMING INDUSTRY
650 _aVALUE ADDED TAX
650 _aFOOT-AND-MOUTH DISEASE
650 _aRURAL BUSINESSES
690 _aRural
_96268
942 _n0
999 _c69827
_d69827